00301nam a2200121Ia 4500100001600000650002700016654002000043245005300063260002800116082001500144300000800159546001200167 aDalal/M.K.  aElectrical Engineering aElectrical engg aExperiments & practical work in electrical engg. bK.N.GokliaBombayc1965 a621.3bDal a401 aENGLISH